Organisational behaviour :core concepts and applications/ (Record no. 3731)

000 -LEADER
fixed length control field 01002cam a2200313 a 4500
001 - CONTROL NUMBER
control field 13754364
003 - CONTROL NUMBER IDENTIFIER
control field OSt
005 - DATE AND TIME OF LATEST TRANSACTION
control field 20161202102734.0
008 - FIXED-LENGTH DATA ELEMENTS--GENERAL INFORMATION
fixed length control field 041019s2003 nr a b 001 0 eng d
010 ## - LIBRARY OF CONGRESS CONTROL NUMBER
LC control number 2004448744
020 ## - INTERNATIONAL STANDARD BOOK NUMBER
International Standard Book Number 9780470809518
035 ## - SYSTEM CONTROL NUMBER
System control number (OCoLC)ocm55668218
040 ## - CATALOGING SOURCE
Original cataloging agency OSU
Transcribing agency OSU
Modifying agency DLC
042 ## - AUTHENTICATION CODE
Authentication code lccopycat
050 00 - LIBRARY OF CONGRESS CALL NUMBER
Classification number HD58.7.W66 2006
100 1# - MAIN ENTRY--PERSONAL NAME
Personal name Wood,Jack
245 10 - TITLE STATEMENT
Title Organisational behaviour :core concepts and applications/
Statement of responsibility, etc Jacj Wood...[et al]
250 ## - EDITION STATEMENT
Edition statement 1st Australian edition
260 ## - PUBLICATION, DISTRIBUTION, ETC. (IMPRINT)
Place of publication, distribution, etc Milton, Australia
Name of publisher, distributor, etc John Wiley and Sons
Date of publication, distribution, etc 2006
300 ## - PHYSICAL DESCRIPTION
Extent xxvi, 558 p. :
Other physical details ill. ;
Dimensions 22 cm.
504 ## - BIBLIOGRAPHY, ETC. NOTE
Bibliography, etc Includes bibliographical references and index.
650 #0 - SUBJECT ADDED ENTRY--TOPICAL TERM
Topical term or geographic name as entry element Organizational behavior
700 ## - ADDED ENTRY--PERSONAL NAME
Personal name Zeffanne Rachid
700 ## - ADDED ENTRY--PERSONAL NAME
Personal name Fromholtz,Michele
700 ## - ADDED ENTRY--PERSONAL NAME
Personal name Fitzgerald,Janna (Anneke)
906 ## - LOCAL DATA ELEMENT F, LDF (RLIN)
a 7
b cbc
c copycat
d 3
e ncip
f 20
g y-gencatlg
942 ## - ADDED ENTRY ELEMENTS (KOHA)
Source of classification or shelving scheme
Koha item type Book
Holdings
Withdrawn status Lost status Source of classification or shelving scheme Damaged status Not for loan Home library Current library Shelving location Date acquired Total Checkouts Full call number Barcode Date last seen Copy number Price effective from Koha item type
          Riara University Library Riara University Library General stack 16/11/2016   HD58.7.Z44 2006 8758/16 16/11/2016 C.1 16/11/2016 Book
          Riara University Library Riara University Library General stack 24/05/2019   HD58.7.Z44 2006 356/19 24/05/2019 C.2 24/05/2019 Book
          Riara University Library Riara University Library General stack 24/05/2019   HD58.7.Z44 2006 7061 /16 24/05/2019 C.3 24/05/2019 Book

Riara University Library,
P.O. Box 49940-00100,
Nairobi, Kenya.